Infinito personal y ética del rostro
Saved in:
| Hovedforfatter: | |
|---|---|
| Format: | Bog |
| Sprog: | spansk |
| Udgivet: |
Salamanca
Universidad Pontificia de Salamanca
1995
|
| Fag: | |
| Tags: |
Tilføj Tag
Ingen Tags, Vær først til at tagge denne postø!
|
MARC
| LEADER | 00000nam a2200000 a 4500 | ||
|---|---|---|---|
| 001 | UCY8796 | ||
| 003 | CL-VaPUC | ||
| 005 | 20210929114400.0 | ||
| 008 | 950707e19950000SP |||||||||||||||||spa|d | ||
| 999 | |c 235998 |d 235996 | ||
| 040 | |c Pontificia Universidad Católica de Valparaíso | ||
| 082 | 0 | 4 | |a 121 |b DIE |2 21 |
| 100 | 0 | |a Díez Cuesta, Margarita |e author |9 340518 | |
| 245 | 1 | 0 | |a Infinito personal y ética del rostro |
| 260 | |a Salamanca |b Universidad Pontificia de Salamanca |c 1995 | ||
| 300 | |a 69 p | ||
| 583 | |a last modification |c 19950707 00:00:00 |k Rodrigo Vera | ||
| 600 | 0 | |a Lévinas, Emmanuel, |d 1906-1995 |9 860626 | |
| 650 | 0 | |a Teoría del conocimiento |9 255038 | |
| 942 | |c BK |2 ddc | ||
| 945 | |d 19950707 00:00:00 |a aalvarez | ||
| 952 | |0 0 |1 0 |4 0 |6 121_000000000000000_DIE_1995 |7 0 |8 A |9 243800 |a BIBEDU |b BIBEDU |c ES_NOD |d 2019-11-18 |i 3093166 |l 1 |o 121 DIE 1995 |p 3093166 |r 2023-12-07 |s 2023-12-01 |w 2019-11-18 |y BK |k FIL | ||